000
00299nam a22001217a 4500
999
_c
155332
_d
155332
082
_a
_b
100
_a
Chummar Choondal
245
_a
Janajeevithavum Kalakalum/
_c
by Chummar Choondal.
260
_a
Kannur:
_b
Kerala Folklore Academy,
_c
2013.
300
_a
111p.
650
_a
Folklore
942
_c
BK